000
00310nam a22001337a 4500
020
_a
034079061x
082
_a
150
100
_a
Richard Gross
245
_a
Psychology the science of mind and behaviour
250
_a
4th ed.
260
_a
Dubai
_b
Hodder and Stoughton
_c
2001.
300
_a
838p
942
_c
BK
999
_c
2859
_d
2859